Library Logo

Committee on economic, social and cultural rights : (Record no. 240418)

000 -LEADER
fixed length control field 00723nam a22001817a 4500
003 - CONTROL NUMBER IDENTIFIER
control field BD-DhUL
005 - DATE AND TIME OF LATEST TRANSACTION
control field 20180416103451.0
008 - FIXED-LENGTH DATA ELEMENTS--GENERAL INFORMATION
fixed length control field 180416s2011 nyu||||| |||| 00| 0 eng d
040 ## - CATALOGING SOURCE
Original cataloging agency BD-DhUL
Transcribing agency BD-DhUL
082 ## - DEWEY DECIMAL CLASSIFICATION NUMBER
Classification number 330.95
Item number UNC
110 1# - MAIN ENTRY--CORPORATE NAME
Corporate name or jurisdiction name as entry element United Nations
245 10 - TITLE STATEMENT
Title Committee on economic, social and cultural rights :
Remainder of title report on the forty-fourth and forty-fifth sessions (3-21 May 2010, 1-19 November 2010) /
Statement of responsibility, etc. United Nations.
260 ## - PUBLICATION, DISTRIBUTION, ETC. (IMPRINT)
Place of publication, distribution, etc. New York :
Name of publisher, distributor, etc. United Nations,
Date of publication, distribution, etc. 2011
300 ## - PHYSICAL DESCRIPTION
Extent iv, 115 p. :
Other physical details ill. ;
Dimensions 30 cm
504 ## - BIBLIOGRAPHY, ETC. NOTE
Bibliography, etc "Economic and social council, official records, 2011, supplement no. 2"
Includes bibliographical references
650 #0 - SUBJECT ADDED ENTRY--TOPICAL TERM
Topical term or geographic name as entry element Economic situations and conditions
942 ## - ADDED ENTRY ELEMENTS (KOHA)
Source of classification or shelving scheme
Koha item type Books
Holdings
Price effective from Date last seen Permanent Location Not for loan Date acquired Source of classification or shelving scheme Koha item type Lost status Withdrawn status Copy number Source of acquisition Collection code Damaged status Shelving location Barcode Current Location Full call number
2018-04-162018-04-16Dhaka University Library 2018-04-16 Books  1GiftNon Fiction UN CollectionD23566Dhaka University Library330.95 UNC
Last Updated on September 15, 2019
© Dhaka University Library. All Rights Reserved|Staff Login